Virtual Computer Integreted Manufacturing (CIM) System
Technológie virtuálnej reality a základné funkcie ich použitia v rámci CIM (Computer Integreted Manufacturing) systémov. Tréningové systémy virtuálnej reality.
Na minha lista:
| Autor principal: | |
|---|---|
| Formato: | Capítulo de Livro |
| Idioma: | inglês |
| Assuntos: | |
| Tags: |
Sem tags, seja o primeiro a adicionar uma tag!
|
MARC
| LEADER | 00000naa a2200000 4500 | ||
|---|---|---|---|
| 001 | 0273981 | ||
| 005 | 20240502074319.0 | ||
| 041 | 0 | |a eng | |
| 044 | |a SK | ||
| 245 | 1 | 0 | |a Virtual Computer Integreted Manufacturing (CIM) System |c Naqibullah Daneshjo |
| 520 | |a Technológie virtuálnej reality a základné funkcie ich použitia v rámci CIM (Computer Integreted Manufacturing) systémov. Tréningové systémy virtuálnej reality. | ||
| 610 | 2 | 0 | |a realita virtuálna |
| 610 | 2 | 0 | |a roboty |
| 610 | 2 | 0 | |a robotizácia |
| 100 | 1 | |a Daneshjo, Naqibullah, 1964- | |